[Event "Tel Aviv"]
[Site "Tel Aviv"]
[Date "1992.??.??"]
[Round "9"]
[White "Berkovich, Mark A"]
[Black "Fishbein, Alexander"]
[Result "1/2-1/2"]
[WhiteElo "2455"]
[BlackElo "2495"]

1.c4 c5 2.Nc3 b6 3.e4 Bb7 4.g3 g6 5.Bg2 Bg7 6.Nge2 Nc6 7.O-O e6 8.d4 cxd4
9.Nb5 d6 10.Nexd4 Nxd4 11.Nxd4 a6 12.Be3 Ne7 13.f4 O-O 14.f5 exf5 15.exf5 Bxg2
16.Kxg2 Nxf5 17.Nxf5 gxf5 18.Bd4 Qg5 19.Bxg7 Qxg7 20.Qd2 Qf6 21.Rf2 Rae8
22.Rd1 Re6 23.Qd5 f4 24.Rdd2 Re5 25.Qd4 Rfe8 26.Qxf4  1/2-1/2

[Event "Tel Aviv"]
[Site "Tel Aviv"]
[Date "1992.??.??"]
[Round "11"]
[White "Fishbein, Alexander"]
[Black "Vaisser, Anatoli"]
[Result "1/2-1/2"]
[WhiteElo "2495"]
[BlackElo "2580"]

1.e4 c5 2.Nf3 Nc6 3.d4 cxd4 4.Nxd4 Nf6 5.Nc3 e5 6.Ndb5 d6 7.Bg5 a6 8.Na3 b5
9.Nd5 Be7 10.Nxe7 Nxe7 11.Qf3 Nd7 12.b4 f6 13.Bd2 O-O 14.c4 Nc6 15.Nc2 Rb8
16.Qc3 Ne7 17.Ne3 Kh8 18.cxb5 axb5 19.Bd3 Bb7 20.O-O Nb6 21.f3 d5 22.exd5 Nexd5
23.Nxd5 Rc8 24.Qa3 Ra8 25.Qc3 Rc8 26.Qa3 Ra8 27.Qc3 Na4 28.Qc1 Bxd5 29.Be3 Rc8
30.Qd2 Bc4 31.Bxc4 Qxd2 32.Bxd2 bxc4 33.b5 c3 34.Be3 c2 35.b6 Rc3 36.Kf2 Rb8
37.Ke2 Nxb6 38.Bxb6 Rxb6 39.Rfc1 Rc8 40.a4 Rb2 41.Kd2 Kg8 42.a5 Rc7 43.a6 Ra7
44.Rxc2 Rb6 45.Rca2  1/2-1/2

[Event "New York op"]
[Site "New York"]
[Date "1993.??.??"]
[Round "7"]
[White "Fang, Joseph"]
[Black "Fishbein, Alexander"]
[Result "0-1"]
[WhiteElo "2330"]
[BlackElo "2510"]

1.d4 Nf6 2.c4 g6 3.Nc3 Bg7 4.e4 d6 5.f4 O-O 6.Nf3 a6 7.Be2 c5 8.dxc5 Qa5
9.Bd2 Qxc5 10.b4 Qb6 11.Rc1 Nc6 12.a3 Qa7 13.Bd3 Ng4 14.Qe2 Nd4 15.Nxd4 Bxd4
16.Nd5 Nf2 17.Nxe7+ Kh8 18.Nxc8 Raxc8 19.Rf1 Nxd3+ 20.Qxd3 Rfe8 21.Kd1 Kg8
22.Re1 Bg7 23.Be3 Qa8 24.Bd4 Bxd4 25.Qxd4 b5 26.Re3 bxc4 27.Rxc4 Rxc4 28.Qxc4 d5
29.Qe2 d4 30.Rd3 Rxe4 31.Qd2 Qc6 32.Rxd4 Qa4+ 33.Kc1 Qxa3+ 34.Kb1 Qb3+ 35.Ka1 Re3
36.Rd8+ Kg7 37.Qb2+ Qxb2+ 38.Kxb2 Re2+ 39.Kc3 Rxg2 40.Ra8 Rxh2 41.Rxa6 Rh1
42.Kd3 h5 43.Ke3 Rf1 44.b5 h4 45.Ra2 Rb1 46.Rh2 Rb3+ 47.Kf2 Rb2+ 48.Kg1 Rxb5
49.Rxh4 Rb2  0-1

[Event "World op"]
[Site "Philadelphia"]
[Date "1993.??.??"]
[Round "8"]
[White "Fishbein, Alexander"]
[Black "Gulko, Boris F"]
[Result "1-0"]
[WhiteElo "2510"]
[BlackElo "2635"]

1.e4 e6 2.d4 d5 3.exd5 exd5 4.Nf3 Nf6 5.Bg5 Be7 6.Bd3 Bg4 7.O-O O-O 8.Nbd2 h6
9.Bh4 c5 10.dxc5 Bxc5 11.c3 Nc6 12.Qa4 Be6 13.Nb3 Bb6 14.Nbd4 Bd7 15.Qb3 Na5
16.Qc2 Nc6 17.Rfe1 Re8 18.Rxe8+ Bxe8 19.Re1 Nxd4 20.Nxd4 Bd7 21.Qd2 Bc5 22.Bc2 Qb6
23.Nb3 Bf8 24.Bxf6 Qxf6 25.Qxd5 Bc6 26.Qf5 Qxf5 27.Bxf5 Re8 28.Rxe8 Bxe8
29.Be4 b6 30.Bd5 Bb5 31.Nd4 Bd3 32.Nc6 Bd6 33.Nxa7 Bf4 34.Nc6 Kf8 35.g3 Bc1
36.b4 f6 37.a4 Ke8 38.c4 Kd7 39.b5 Bd2 40.c5 Kc7 41.a5 Bxa5 42.Nxa5 bxa5
43.b6+ Kd7 44.c6+ Kd6 45.c7 Ba6 46.Bc4 Bb7 47.Bb5 Kc5 48.Bd7 Kxb6 49.c8=Q Bxc8
50.Bxc8 a4 51.Be6 Kc5 52.Kg2 Kd4 53.Kf3 Kd3 54.h4 h5 55.g4 hxg4+ 56.Kxg4 g6
57.Bf7  1-0

[Event "New York op"]
[Site "New York"]
[Date "1994.??.??"]
[Round "2"]
[White "Fishbein, Alexander"]
[Black "Chow, Albert"]
[Result "1-0"]
[WhiteElo "2525"]
[BlackElo "2310"]

1.e4 c5 2.Nf3 Nc6 3.d4 cxd4 4.Nxd4 e5 5.Nb5 Nf6 6.N1c3 d6 7.Bg5 a6 8.Na3 b5
9.Nd5 Be7 10.Nxe7 Nxe7 11.Qf3 Bg4 12.Qg3 Be6 13.Bd3 Ng6 14.O-O O-O 15.c4 bxc4
16.Nxc4 h6 17.Bxf6 Qxf6 18.Rfc1 Rab8 19.b3 Nf4 20.Bf1 d5 21.exd5 Bxd5 22.Ne3 Bb7
23.Ng4 Qd6 24.Rd1 Bd5 25.Ne3 Rfd8 26.Nxd5 Nxd5 27.Bc4  1-0

[Event "New York op"]
[Site "New York"]
[Date "1994.??.??"]
[Round "7"]
[White "Valvo, Michael J"]
[Black "Fishbein, Alexander"]
[Result "0-1"]
[WhiteElo "2365"]
[BlackElo "2525"]

1.c4 Nf6 2.g3 g6 3.Bg2 Bg7 4.Nc3 O-O 5.Nf3 d6 6.d4 c6 7.O-O Nbd7 8.e4 e5
9.b3 Qb6 10.Bb2 exd4 11.Nxd4 Nc5 12.h3 a5 13.Rb1 a4 14.Re1 axb3 15.axb3 Nfd7
16.Re3 Re8 17.Nce2 Ra2 18.Nc3 Ra8 19.Nce2 Nf6 20.Nc3 Bd7 21.Kh2 h5 22.Re2 Re7
23.Kh1 Rae8 24.f3 d5 25.cxd5 cxd5 26.exd5 Rxe2 27.Ndxe2 Bf5 28.Ra1 Nd3  0-1

[Event "World op"]
[Site "Philadelphia"]
[Date "1994.??.??"]
[Round "?"]
[White "Fishbein, Alexander"]
[Black "Browne, Walter S"]
[Result "1/2-1/2"]
[WhiteElo "2525"]
[BlackElo "2510"]

1.e4 c5 2.Nf3 d6 3.d4 cxd4 4.Nxd4 Nf6 5.Nc3 a6 6.a4 Nc6 7.Be2 e5 8.Nxc6 bxc6
9.f4 Qa5 10.O-O Rb8 11.Kh1 Be7 12.fxe5 dxe5 13.Bc4 O-O 14.Qe1 Kh8 15.b3 Bb4
16.Bb2 Be6 17.Bxe6 fxe6 18.Rf3 Ng4 19.Qg3 Rxf3 20.gxf3 Bxc3 21.Bxc3 Qxc3
22.Rg1 Rf8 23.Qxg4 Qxf3+ 24.Qxf3 Rxf3 25.Rg5 Rc3 26.Rxe5 Kg8 27.Rxe6 Rxc2
28.Re8+  1/2-1/2

[Event "World op"]
[Site "Philadelphia"]
[Date "1995.??.??"]
[Round "9"]
[White "Fishbein, Alexander"]
[Black "Fayvinov, Zakhar"]
[Result "1-0"]
[WhiteElo "2550"]
[BlackElo "2280"]

1.e4 Nf6 2.e5 Nd5 3.d4 d6 4.c4 Nb6 5.exd6 cxd6 6.d5 e6 7.Nc3 Be7 8.Nf3 exd5
9.cxd5 Bg4 10.Be2 N8d7 11.O-O O-O 12.Bf4 Nf6 13.Re1 Re8 14.h3 Bh5 15.a4 Nbd7
16.Nd4 Bxe2 17.Rxe2 Bf8 18.Rxe8 Nxe8 19.Nf5 Ne5 20.Qe2 Ng6 21.Bg3 Qd7 22.Ne3 Nf6
23.a5 Re8 24.a6 Ne4 25.Nxe4 Rxe4 26.Qc2 Rb4 27.Qc3 Rb5 28.Qd4 Rb6 29.Qxb6  1-0

[Event "Chicago op"]
[Site "Chicago"]
[Date "1996.??.??"]
[Round "?"]
[White "Fishbein, Alexander"]
[Black "Remlinger, Larry"]
[Result "1-0"]
[WhiteElo "2595"]
[BlackElo "2490"]

1.e4 e6 2.d4 d5 3.exd5 exd5 4.Nf3 Bd6 5.c4 c6 6.Nc3 Ne7 7.Bd3 Bg4 8.O-O dxc4
9.Bxc4 O-O 10.Qd3 Nd7 11.Re1 Bf5 12.Qe2 Nb6 13.Bb3 Nbd5 14.Bg5 f6 15.Bf4 Kh8
16.Bxd6 Qxd6 17.Nh4 Bd7 18.Qh5 Nf4 19.Qc5 Qxc5 20.dxc5 Rae8 21.Bc4 Nf5 22.Nf3 Be6
23.Bxe6 Nxe6 24.Ne4 Rd8 25.Rad1 Rxd1 26.Rxd1 Rd8 27.Rxd8+ Nxd8 28.Kf1 h5
29.Ke2 Kg8 30.Kd3 Kf7 31.b4 Ke6 32.Nc3 g5 33.Ke4 Nf7 34.Ne2 Ne7 35.Nfd4+ Kd7
36.Ng3 h4 37.Nh5 Nd5 38.a3 Nh6 39.f4 Nc3+ 40.Kd3 Nd5 41.Nxf6+ Nxf6 42.fxg5 Nhg4
43.gxf6 Nxh2 44.Ke4  1-0

[Event "New York op"]
[Site "New York"]
[Date "1996.??.??"]
[Round "1"]
[White "Fishbein, Alexander"]
[Black "MacArthur, John"]
[Result "1-0"]
[WhiteElo "2515"]
[BlackElo "2190"]

1.e4 c5 2.Nf3 d6 3.d4 cxd4 4.Nxd4 Nf6 5.Nc3 a6 6.a4 e6 7.Be2 Be7 8.Be3 Nc6
9.O-O O-O 10.f4 Qc7 11.Kh1 Re8 12.Bf3 Rb8 13.g4 Nxd4 14.Bxd4 e5 15.fxe5 dxe5
16.Ba7 Ra8 17.g5 Nd7 18.Nd5 Qc6 19.Be3 Bc5 20.Bh5 g6 21.Qf3 Rf8 22.Bg4 b6
23.Bxd7 Bxd7 24.Bxc5 bxc5  1-0

[Event "New York op"]
[Site "New York"]
[Date "1996.??.??"]
[Round "7"]
[White "Stefansson, Hannes"]
[Black "Fishbein, Alexander"]
[Result "1-0"]
[WhiteElo "2540"]
[BlackElo "2515"]

1.e4 c5 2.Nf3 d6 3.d4 cxd4 4.Nxd4 Nf6 5.Nc3 Nc6 6.Bg5 e6 7.Qd2 Be7 8.O-O-O O-O
9.f4 h6 10.Bh4 e5 11.Nf5 Bxf5 12.exf5 exf4 13.Kb1 Qb6 14.Qxf4 Rac8 15.Bf2 Qa5
16.Bc4 Nh5 17.Qd2 Qxf5 18.Rhf1 Qf4 19.Qe2 Qe5 20.Nd5 Bf6 21.c3 Nf4 22.Nxf4 Qxf4
23.Bg3 Qg5 24.Bxd6 Rfe8 25.Qc2 Ne5 26.Bd5 Nc4 27.Bf4 Qg4 28.Rf3 Red8 29.h3 Qd7
30.Rfd3 Qf5 31.g3 Rf8 32.Bxb7 Rce8 33.Bd5 Rc8 34.h4 Rc5 35.Bxc4 Rxc4 36.Rd7 Qb5
37.R7d5 Qc6 38.Rd6 Qb7 39.Rd7 Qb5 40.R7d5 Qc6 41.Qd3 Rc8 42.Be5 Bxe5 43.Rxe5 Rb8
44.Rd5 g6 45.Rd8+ Rxd8 46.Qxd8+ Kg7 47.Qd5 Qxd5 48.Rxd5 Rg4 49.Rd3 f5 50.Kc2 Kf6
51.b4 Ke5 52.a4 f4 53.gxf4+ Rxf4 54.Rd7 Rxh4 55.Rxa7 g5 56.a5 Kd5 57.a6 Rh1
58.Kb2 Rh2+ 59.Kb3 Rh1 60.Rh7  1-0

[Event "New York op"]
[Site "New York"]
[Date "1997.??.??"]
[Round "?"]
[White "Fishbein, Alexander"]
[Black "Epishin, Vladimir"]
[Result "1/2-1/2"]
[WhiteElo "2525"]
[BlackElo "2600"]

1.e4 c5 2.Nf3 d6 3.d4 cxd4 4.Nxd4 Nf6 5.Nc3 Nc6 6.Bg5 e6 7.Qd2 a6 8.O-O-O Nxd4
9.Qxd4 Be7 10.f4 b5 11.Bxf6 gxf6 12.f5 Qc7 13.Be2 Qc5 14.Qxc5 dxc5 15.fxe6 fxe6
16.Rd3 Ra7 17.Bh5+ Kf8 18.Ne2 Rg8 19.g3 c4 20.Rdd1 Bc5 21.Rd8+ Kg7 22.Rxg8+ Kxg8
23.Nf4 Kf8 24.Rf1 Ke7 25.Bg4 Rc7 26.c3 Bd6 27.Ng2 Rd7 28.Nf4 Rd8 29.Rd1 Bc7
30.Re1 Be5 31.Kc2 a5 32.a3 Rd6 33.Ng2 Bb7 34.Bf3 Rd3 35.Re3 Rd8 36.Re1 Rd3
37.Re3 Rd8 38.Re1 b4 39.axb4 axb4 40.cxb4 Bc6 41.Nf4 Ba4+ 42.Kc1 c3 43.bxc3 Bxc3
44.Rg1 Bb3 45.Bd1 Bd2+ 46.Kb1 Be3 47.Bxb3 Bxg1 48.Bxe6 Be3 49.Bf5 Bxf4 50.gxf4 Rd2
51.Bxh7 Rxh2 52.Bg6 Rh6 53.Bf5 Rh1+ 54.Kc2 Rf1 55.b5 Rxf4 56.b6 Kd6 57.Kd3 Kc6
58.Kd4 Rf1 59.Bg4 Rg1 60.Bf3 Kxb6 61.Kd5 Rg3 62.Be2 Rg2 63.Bf3 Rg3 64.Be2 Re3
65.Bg4 Kc7 66.Bf5 Ra3 67.Ke6 Ra6+ 68.Ke7 Rd6 69.Be6 Rd4 70.Kxf6  1/2-1/2

[Event "New York op"]
[Site "New York"]
[Date "1997.??.??"]
[Round "?"]
[White "Simpson, Ronald"]
[Black "Fishbein, Alexander"]
[Result "0-1"]
[WhiteElo "2330"]
[BlackElo "2525"]

1.c4 Nf6 2.Nf3 g6 3.b4 Bg7 4.Bb2 O-O 5.g3 d6 6.Bg2 e5 7.O-O e4 8.Ng5 Re8
9.f3 exf3 10.Nxf3 c6 11.Kh1 Nbd7 12.e3 Ne5 13.Nxe5 dxe5 14.d4 exd4 15.exd4 Ng4
16.Qf3 Bf5 17.Na3 Re3 18.Qd1 Rd3 19.Qe2 Bxd4 20.Bxd4 Qxd4 21.Nc2 Qc3 22.Rf3 Rxf3
23.Bxf3 Bxc2 24.Rc1 Qxf3+ 25.Qxf3 Be4  0-1

[Event "World op"]
[Site "Philadelphia"]
[Date "1997.??.??"]
[Round "4"]
[White "Booth, Stephen A"]
[Black "Fishbein, Alexander"]
[Result "1/2-1/2"]
[WhiteElo "2270"]
[BlackElo "2530"]

1.d4 Nf6 2.Nf3 g6 3.Bf4 Bg7 4.e3 O-O 5.Be2 c5 6.O-O b6 7.c3 Bb7 8.Nbd2 d6
9.h3 Nbd7 10.Bh2 Ne4 11.Nxe4 Bxe4 12.Ba6 Nf6 13.Nd2 Bc6 14.Qe2 Qd7 15.Bd3 Bh6
16.Rfe1 Qb7 17.Ba6 Qd7 18.Bd3 Qb7 19.Ba6  1/2-1/2

[Event "World op"]
[Site "Philadelphia"]
[Date "1997.??.??"]
[Round "6"]
[White "Fishbein, Alexander"]
[Black "Vigorito, David"]
[Result "0-1"]
[WhiteElo "2530"]
[BlackElo "2350"]

1.e4 c5 2.Nf3 d6 3.d4 cxd4 4.Nxd4 Nf6 5.Nc3 a6 6.a4 g6 7.Be2 Bg7 8.O-O O-O
9.Nb3 Nc6 10.Bg5 Be6 11.f4 b5 12.axb5 axb5 13.Rxa8 Qb6+ 14.Kh1 Rxa8 15.Bf3 Bc4
16.Re1 b4 17.Nd5 Nxd5 18.exd5 Nd4 19.Nd2 Nxf3 20.Qxf3 Bb5 21.Qe4 Qf2 22.f5 gxf5
23.Qxe7 h6 24.Bh4 Qxd2 25.Qxd6 f4 26.Qc5 Re8 27.Rxe8+ Bxe8 28.Bf2 Qd1+ 29.Bg1 f3
30.Qf2 Qxd5 31.gxf3 Bc6 32.Kg2  0-1

[Event "New York op"]
[Site "New York"]
[Date "1998.03.16"]
[Round "2"]
[White "Fishbein, Alexander"]
[Black "Gurevich, Mikhail"]
[Result "1/2-1/2"]
[WhiteElo "2510"]
[BlackElo "2635"]

1.c4 Nf6 2.Nf3 c6 3.g3 d5 4.b3 Bf5 5.Bg2 e6 6.O-O Nbd7 7.d3 h6 8.Bb2 Be7
9.Na3 O-O 10.Nc2 a5 11.Qd2 Qb6 12.Ne5 Nxe5 13.Bxe5 Rfd8 14.Qf4 Rdc8 15.Rab1 Qd8
16.Nd4 Bg6 17.Nf3 Bh5 18.h3 Bxf3 19.Bxf3 Nd7 20.Ba1 Bg5 21.Qd6 Ra6 22.Qa3 b5
23.Qb2 Bf6 24.Qc2 Bxa1 25.Rxa1 a4 26.Bg2 axb3 27.axb3 Rxa1 28.Rxa1 bxc4 29.bxc4 Ra8
30.Rxa8 Qxa8 31.e3 Qa1+ 32.Kh2 Nf6 33.Bf3 g5 34.d4 Qf1 35.cxd5 cxd5 36.Qe2 Qa1
37.Qc2 Kg7 38.Qd1 Qb2 39.Qe2 Qc3 40.Kg1 Qa1+ 41.Qd1 Qb2 42.Qe2 Qa3 43.h4 gxh4
44.gxh4 Qc1+ 45.Kg2 Qb1 46.Qf1 Qf5 47.Qh1 Ng8 48.Qh3 Ne7 49.Qxf5 Nxf5 50.Kh3 Kg6
51.Be2 Kf6 52.Kg4 Nd6 53.Bd3 Kg7 54.Kf4 Kf8 55.f3 f5 56.e4 fxe4 57.fxe4 dxe4
58.Bxe4 Ke7 59.d5 Nxe4  1/2-1/2

[Event "US Open"]
[Site "Framingham USA"]
[Date "2001.08.07"]
[Round "4"]
[White "Ritvin,S"]
[Black "Fishbein,A"]
[Result "0-1"]
[WhiteElo "2256"]
[BlackElo "2500"]

1.e4 c5 2.Nf3 d6 3.d4 cxd4 4.Nxd4 Nf6 5.Nc3 Nc6 6.Bc4 e6 7.Be3 a6 8.Bb3 Be7
9.Qe2 Qc7 10.O-O-O Na5 11.g4 b5 12.g5 Nxb3+ 13.axb3 Nd7 14.Qh5 Nc5 15.b4 Na4
16.Rd3 Bd7 17.f4 Nxc3 18.Rxc3 Qb7 19.Qf3 a5 20.bxa5 Rxa5 21.Nb3 Ra4 22.Bd4 O-O
23.Re1 Rfa8 24.Qh5 Ra1+ 25.Nxa1 Rxa1+ 26.Kd2 Rxe1 27.Kxe1 Qxe4+ 28.Be3 b4
29.Rd3 d5 30.Kf2 Bc6 31.Qe2 e5 32.fxe5 Qxe5 33.Qg4 Qxh2+ 34.Ke1 Qxc2 35.Qc8+ Bf8
36.Rxd5 Qb1+ 37.Rd1 Qe4 38.Kd2 Qg2+ 39.Kc1 b3 40.Qf5 Bf3 41.Re1 Bg4 42.Qd3 Qc6+
43.Qc3 Qb5 44.Bf4 Qa4 45.Bc7 Bf5 46.Re5 Bc2 47.Re1 h5 48.gxh6 gxh6 49.Qa5 Qc4
50.Qc3 Qxc3 51.bxc3 Ba3+ 52.Kd2 Bf5 53.Re8+ Kh7 54.Rb8 b2 55.Bd6 Bxd6 56.Rxb2 h5
57.c4 h4 58.c5 Bf4+ 59.Ke2 h3  0-1

[Event "US Open"]
[Site "Framingham USA"]
[Date "2001.08.09"]
[Round "6"]
[White "Fishbein,A"]
[Black "Kudrin,S"]
[Result "1/2-1/2"]
[WhiteElo "2500"]
[BlackElo "2519"]

1.e4 c5 2.Nf3 d6 3.d4 cxd4 4.Nxd4 Nf6 5.Nc3 g6 6.Be2 Bg7 7.O-O O-O 8.Nb3 Nbd7
9.a4 b6 10.a5 Bb7 11.f3 a6 12.axb6 Qxb6+ 13.Kh1 a5 14.Bb5 Nc5 15.Nxc5 Qxc5
16.Qd3 Rfb8 17.Be3 Qc7 18.Bd4 Nh5 19.Bxg7 Kxg7 20.Qd4+ e5 21.Qd2 Nf6 22.Rfd1 Rd8
23.Nd5 Bxd5 24.exd5 Qb6 25.c4 Nd7 26.Ra3 Nc5 27.Rda1 a4 28.Bxa4 Rdb8 29.Bd1 Rxa3
30.bxa3  1/2-1/2

[Event "US Open"]
[Site "Framingham USA"]
[Date "2001.08.10"]
[Round "7"]
[White "Sagalchik,G"]
[Black "Fishbein,A"]
[Result "1/2-1/2"]
[WhiteElo "2537"]
[BlackElo "2500"]

1.d4 Nf6 2.Nf3 g6 3.Nc3 d5 4.Bf4 Bg7 5.Qd2 O-O 6.O-O-O c5 7.dxc5 Qa5 8.a3 Nc6
9.e3 Qxc5 10.Na4 Qa5 11.Qxa5 Nxa5 12.Nc3 e6 13.Bd6 Re8 14.Ne5 a6 15.g4 Nd7
16.Nxd7 Bxd7 17.Bc7 Nc6 18.Na4 Rac8 19.Bg3 Nb4 20.axb4 Bxa4 21.Rd2 Bf8 22.b5 Bxb5
23.Bxb5 axb5 24.Be5 Ra8 25.Rdd1 Ra2 26.Kd2 Rea8 27.h4 Bg7 28.Bxg7 Kxg7 29.Kc3 R2a4
30.f3 h6 31.Rd4 Rc4+ 32.Kb3 Kf6 33.Rhd1 Ke7 34.c3 Raa4 35.h5 gxh5 36.gxh5 Ra8
37.Rg1 Kf6 38.Rgg4 Rxd4 39.Rxd4 Ra1 40.Rf4+ Ke7 41.Rb4 Kd6 42.Rxb5 Kc6 43.Rb4 Rh1
44.e4 Rxh5 45.exd5+ Rxd5 46.Rf4 Rd7 47.Rf6 h5 48.c4 Kd6 49.f4 Ke7 50.Rh6 Rd3+
51.Ka4 Rd4 52.b3 Rxf4 53.Rxh5 Kd6 54.Kb4 Rf5 55.Rh8 Re5 56.Rh7 Rf5 57.Rh8 b6
58.Rd8+ Kc7 59.Re8 Rf3 60.Ka4 Rd3 61.b4 Rd8 62.Re7+ Rd7 63.Re8 Kc6 64.b5+ Kc5
65.Rc8+ Kd4 66.c5 Ra7+ 67.Kb4 bxc5+ 68.Rxc5 Ra1 69.Rc4+ Kd5 70.Rc5+ Kd6 71.Rc6+ Kd7
72.Rc2 f5 73.b6 f4 74.Kc5 e5 75.b7 Rb1 76.Kd5 Rb5+ 77.Ke4 Kd6 78.Kf5  1/2-1/2

[Event "10th Open"]
[Site "King's Island USA"]
[Date "2001.11.11"]
[Round "5"]
[White "Fishbein,A"]
[Black "Gersov,E"]
[Result "1-0"]
[WhiteElo "2500"]
[BlackElo "2292"]

1.e4 c5 2.Nf3 Nc6 3.d4 cxd4 4.Nxd4 Nf6 5.Nc3 e5 6.Ndb5 d6 7.Bg5 a6 8.Na3 b5
9.Nd5 Qa5+ 10.Bd2 Qd8 11.Bg5 Qa5+ 12.Bd2 Qd8 13.Nxf6+ Qxf6 14.Bd3 Qg6 15.O-O Be7
16.f4 Bg4 17.f5 Bxd1 18.fxg6 Bh5 19.gxh7 Bg6 20.c4 b4 21.Nc2 Rb8 22.a3 b3
23.Nb4 Rb6 24.Nd5 Bd8 25.Nxb6 Bxb6+ 26.Kh1 Bc5 27.h4 Rxh7 28.g3 Ke7 29.Kg2 f6
30.Rae1 a5 31.Be3 a4 32.Rh1 Bf7 33.g4 Na5 34.g5 Rh8 35.gxf6+ gxf6 36.Bxc5 dxc5
37.Re3 Nc6 38.Kf2 Nd4 39.Rg3 Ne6 40.Ke3 Nf4 41.Rh2 Rd8 42.Rd2 Rh8 43.Rh2 Rd8
44.Be2 Rh8 45.Bg4 Rg8 46.Rh1 Be6 47.Kf3 Bxc4 48.h5 Bd3 49.h6 Rh8 50.Rh2 c4
51.Bf5 Kf8 52.h7 Bc2 53.Rd2 Bd3 54.Ke3 Nh5 55.Rg8+ Rxg8 56.hxg8=Q+ Kxg8 57.Rxd3 cxd3
58.Bd7 Nf4 59.Bxa4 Kf7 60.Bxb3+ Ke7 61.Bc4 Kd6 62.Bxd3 Ne6 63.b4 Nd4 64.Kd2 Kc6
65.Kc3 Kb6 66.Kc4 Ne6 67.a4 Nc7 68.Bc2 Ne6 69.Kd5 Nd4 70.Bd3 Nc6 71.a5+ Kc7
72.Kc5 Nd8 73.Bc4 Nb7+ 74.Kd5 Nd8 75.b5 Nb7 76.b6+ Kb8 77.a6 Nd8 78.Bb5 f5
79.exf5 e4 80.a7+ Kb7 81.f6 e3 82.f7 e2 83.f8=Q e1=Q 84.a8=Q+  1-0

[Event "Chicago Open"]
[Site "Chicago USA"]
[Date "2004.05.29"]
[Round "3"]
[White "Fishbein,A"]
[Black "Sarkar,J"]
[Result "1/2-1/2"]
[WhiteElo "2500"]
[BlackElo "2375"]

1.Nf3 c5 2.e4 d6 3.d4 cxd4 4.Nxd4 Nf6 5.Nc3 a6 6.Be2 e5 7.Nb3 Be7 8.O-O O-O
9.Re1 Be6 10.Bf1 Nbd7 11.Nd5 Nxd5 12.exd5 Bf5 13.a4 Rc8 14.c3 Bg6 15.a5 Bg5
16.Nd2 Nc5 17.Nc4 Bxc1 18.Rxc1 e4 19.Nb6 Rc7 20.b4 Nd3 21.Bxd3 exd3 22.Qd2 Re8
23.Rxe8+ Qxe8 24.Re1 Re7 25.Kf1 h5 26.f3 h4 27.Rxe7 Qxe7 28.Kf2 Qe5 29.g3 Qf6
30.g4 Be4 31.f4 h3 32.Ke3 Qg6 33.c4 f5 34.g5 Qf7 35.Qd1 Qe7 36.Kd2 g6 37.Qc1 Bf3
38.Kc3 Be2 39.Kb3 Qe4 40.Qd2 Qd4 41.Na4 Qg1 42.Nb2 Qxh2 43.Qe3 d2 44.Qe6+ Kg7
45.Qf6+ Kh7 46.Qf7+ Kh8 47.Qf8+ Kh7 48.Qh6+ Kg8 49.Qxg6+ Kh8 50.Qf6+ Kg8
51.Qg6+  1/2-1/2

[Event "34th World Open"]
[Site "Philadelphia USA"]
[Date "2006.07.03"]
[Round "6"]
[White "Vescovi,G"]
[Black "Fishbein,A"]
[Result "1/2-1/2"]
[WhiteElo "2622"]
[BlackElo "2519"]

1.e4 c5 2.Nf3 d6 3.d4 cxd4 4.Nxd4 Nf6 5.Nc3 Nc6 6.f3 e5 7.Nb3 Be7 8.Be3 O-O
9.Qd2 a5 10.Bb5 Na7 11.Be2 Be6 12.O-O-O Nc8 13.Kb1 a4 14.Nc1 Nb6 15.g4 Rc8
16.g5 Nh5 17.a3 Nf4 18.Bxf4 exf4 19.h4 Rc5 20.Nd3 Nc4 21.Qe1 Qb6 22.Nb4 Ne3
23.Nxa4 Qc7 24.Nxc5 dxc5 25.Qc3 Bd6 26.Rxd6 Qxd6 27.Nd3 c4 28.e5 Qb6 29.Nxf4 Bf5
30.Bd1 Rd8 31.Kc1 g6 32.Re1 Nxd1 33.Rxd1 Rxd1+ 34.Kxd1 Qf2 35.Ne2 Qxh4 36.Qe3 Qh1+
37.Kd2 Qb1 38.Qc3 Qf1 39.Qe3 Qb1 40.Nd4 Qxb2 41.f4 Bg4 42.Qc3 Qb1 43.Qxc4 Qd1+
44.Kc3 Qc1 45.Nb5 Bf5 46.Qd4 Qxc2+ 47.Kb4 Be6 48.Ka5 Qc6 49.Qb6 Qf3 50.Qd8+ Kg7
51.a4 Qxf4 52.Nd6 b6+ 53.Kb5 Qxe5+ 54.Kc6 Bd5+ 55.Kd7 Be6+ 56.Kc6 Bd5+ 57.Kxb6 Qd4+
58.Kb5 Bc4+ 59.Kc6 Bd5+ 60.Kb5 Bc4+  1/2-1/2

[Event "34th World Open"]
[Site "Philadelphia USA"]
[Date "2006.07.03"]
[Round "7"]
[White "Fishbein,A"]
[Black "Izoria,Z"]
[Result "1/2-1/2"]
[WhiteElo "2519"]
[BlackElo "2647"]

1.e4 c5 2.Nf3 d6 3.d4 cxd4 4.Nxd4 Nf6 5.Nc3 a6 6.Be2 g6 7.O-O Bg7 8.f4 O-O
9.Be3 Nbd7 10.Kh1 Qc7 11.Qd2 b5 12.a4 b4 13.Nd5 Nxd5 14.exd5 Bb7 15.Nc6 Bxc6
16.dxc6 Nb8 17.Qxb4 Nxc6 18.Qe4 Rab8 19.Bxa6 Rb4 20.c4 Rxb2 21.Rab1 Rfb8
22.Bb5 Rxb1 23.Rxb1 Na5 24.Bf2 e6 25.Rd1 h5 26.Be1 Rc8 27.Ba6 Rb8 28.Bb5 Rc8
29.Ba6 Rb8 30.g3 Rb2 31.Bb5 Kh7 32.Rd2 Nxc4 33.Qxc4 Qxc4 34.Bxc4 Rb1 35.Rxd6 Bc3
36.Kg2 Bxe1  1/2-1/2

[Event "National Chess Congress"]
[Site "Philadelphia USA"]
[Date "2009.11.28"]
[Round "4"]
[White "Fishbein,A"]
[Black "Yang,Dar"]
[Result "0-1"]
[WhiteElo "2520"]
[BlackElo "2262"]

1.e4 e6 2.d4 d5 3.exd5 exd5 4.Nf3 Nf6 5.Bg5 Be7 6.Bd3 Bg4 7.O-O O-O 8.Nbd2 Nbd7
9.c3 c5 10.dxc5 Nxc5 11.Bc2 Ne6 12.Be3 Bd6 13.Re1 b5 14.h3 Bh5 15.a3 a5 16.g4 Bg6
17.Nd4 Nxd4 18.Bxd4 Bf4 19.Bxg6 fxg6 20.Nb3 Ne4 21.Nc5 Qh4 22.Kg2 Ng5 23.Rh1 Rae8
24.Qd3 Bd6 25.Qxb5 Nxh3 26.Nd3 Qxg4+ 27.Kf1 Qe2+ 28.Kg2 Qf3+  0-1

[Event "National Chess Congress"]
[Site "Philadelphia USA"]
[Date "2009.11.29"]
[Round "6"]
[White "Fishbein,A"]
[Black "Bartell,T"]
[Result "1/2-1/2"]
[WhiteElo "2520"]
[BlackElo "2368"]

1.c4 e5 2.g3 Nf6 3.Bg2 d5 4.cxd5 Nxd5 5.Nc3 Nb6 6.Nf3 Nc6 7.O-O Be7 8.b3 O-O
9.Bb2 f5 10.d3 Be6 11.e4 Qd7 12.Qc1 f4 13.gxf4 exf4 14.Kh1 Bf6 15.Rg1 Nb4
16.d4 Nd3 17.Qc2 Nxb2 18.e5 Be7 19.Qxb2 Nd5 20.Ne4 Rad8 21.Qe2 Bg4 22.Qc4 c6
23.Nc5 Bxc5 24.Qxc5 Qf5 25.e6 Rde8 26.Ne5 f3 27.Bf1 Bh3 28.Nd7 Bg2+ 29.Bxg2 fxg2+
30.Rxg2 Nf4 31.Nxf8 Qe4 32.Qg5 Nxg2 33.Qxg2 Qxg2+ 34.Kxg2 Kxf8 35.Re1 Ke7
36.Re5 Rd8 37.Re4 Rd6 38.f4 Rxe6 39.Re5 Kd6 40.Kf3 Rh6 41.Rg5 Rxh2 42.Rxg7 Rxa2
43.Rxb7 a5 44.Ra7 Rb2 45.Rxa5 Rxb3+ 46.Ke4 Rb1 47.Rh5 Re1+ 48.Kf5 Kd5 49.Rxh7 Kxd4
50.Kf6 c5 51.Rd7+ Kc4 52.f5 Rf1 53.Ke6 Kc3 54.Rd5 c4 55.f6 Kc2 56.Rf5 Rxf5
57.Kxf5 c3 58.f7 Kb1 59.f8=Q c2 60.Qb4+ Ka1 61.Qa3+ Kb1 62.Qb3+ Ka1 63.Qxc2  1/2-1/2

[Event "US Amateur Team-ch East"]
[Site "Parsippany USA"]
[Date "2011.02.20"]
[Round "4"]
[White "Kis,L"]
[Black "Fishbein,A"]
[Result "0-1"]
[WhiteElo "2095"]
[BlackElo "2511"]

1.d4 Nf6 2.c4 g6 3.Nc3 Bg7 4.e4 d6 5.h3 O-O 6.Bg5 a6 7.Nf3 c6 8.a4 a5 9.Be2 Na6
10.O-O e5 11.d5 Qe7 12.Re1 Rd8 13.Nd2 h6 14.Bh4 Bd7 15.Nb3 Nb4 16.Bg4 Be8
17.Bf3 Kh7 18.Na2 cxd5 19.Nxb4 axb4 20.cxd5 Rxa4 21.Qd2 Rda8 22.Rac1 Qd8
23.Bd1 Rc8 24.f3 Bd7 25.Rxc8 Qxc8 26.Qc2 Ra8 27.Qxc8 Rxc8 28.Bf2 Bb5 29.Na5 Ba6
30.Ba4 h5 31.Be3 Bh6 32.Bxh6 Kxh6 33.h4 Rc5 34.Nb3 Rc2 35.Rb1 Bd3 36.Na5 Rc5
37.Nxb7 Bxb1 38.Nxc5 dxc5 39.d6 c4 40.Kf1 Kg7 41.d7 Nxd7 42.Bxd7 c3  0-1

[Event "US Amateur Team-ch East"]
[Site "Parsippany USA"]
[Date "2011.02.21"]
[Round "5"]
[White "Fishbein,A"]
[Black "Ippolito,D"]
[Result "0-1"]
[WhiteElo "2511"]
[BlackElo "2478"]

1.e4 e5 2.Nf3 Nf6 3.Nxe5 d6 4.Nf3 Nxe4 5.d3 Nf6 6.d4 d5 7.Bg5 Qe7+ 8.Be2 Qb4+
9.Nbd2 Ne4 10.O-O Nxg5 11.Nxg5 Be7 12.Ngf3 O-O 13.c4 Nc6 14.Qc2 Bf6 15.Rad1 Be6
16.a3 Qd6 17.c5 Qf4 18.Nb3 Rfe8 19.Qd2 Qxd2 20.Rxd2 a6 21.h3 Bf5 22.Bd3 Be4
23.Bxe4 dxe4 24.d5 exf3 25.dxc6 bxc6 26.Na5 Re2 27.Rd7 Rxb2 28.Nxc6 Rc2 29.Rxc7 Rxc5
30.Ne7+ Bxe7 31.Rxe7 Rc3 32.Rb1 Rxa3 33.Ra7 Re8 34.Rbb7 Ra1+ 35.Kh2 fxg2
36.Kxg2 Ra5 37.Rxf7 Rg5+ 38.Kf1 Rg6 39.Rf3 h6 40.Ra3 Ree6 41.Ra5 Rb6 42.Rf5 Rgf6
43.Rxf6 Rxf6 44.Kg2 Kh7 45.Kg3 Kg6 46.h4 Rb6 47.f3 Re6 48.Kh3 h5 49.Kg3 Kf5
50.Rf7+ Rf6 51.Re7 g6 52.Re8 Re6 53.Rc8 Ke5 54.Rc5+ Kd4 55.Ra5 Rf6 56.f4 Kc4
57.f5 Kb4 58.Ra1 a5 59.Rb1+ Kc3 60.fxg6 Rxg6+ 61.Kh3 a4 62.Rb5 Rh6 63.Ra5 Kb4
64.Rf5 a3 65.Rf4+ Kb3 66.Rf3+ Kb2 67.Rf2+ Kb1 68.Rf1+ Kc2 69.Rf2+ Kd1 70.Rf1+ Ke2
71.Rf5 Ra6 72.Re5+ Kf3 73.Rf5+ Ke4 74.Rf1 a2 75.Ra1 Ra3+ 76.Kg2 Kd3 77.Kg3 Kc2+
78.Kf4 Kb2  0-1